000 00739nam a22001577a 4500
003 OSt
005 20150920105757.0
008 150920b xxu||||| |||| 00| 0 eng d
040 _cRUA
082 _aAGR HAM 2008 B038 Or.1
100 _9923
_aHAM, POV.
245 _aEffect of organic fertilizer of egg plant under sundy soil condition at royal university of agriculture ឥទ្ធិពលនៃជីធម្មជាតិទៅលើដំណាំទ្រប់វែងក្នុងលក្ខខណ្ឌដីល្បាប់ខ្សាច់នៃសាកលវិទ្យាល័យភូមិន្ទកសិកម្ម
260 _aPhnom Penh
_bRUA
_c2008
300 _axii; 64p.
_bill.
_c29cm.
942 _2ddc
_cAGR
999 _c890
_d890